• 首页
  • 本馆介绍
  • 公告通知
  • 最新文献
  • 馆藏检索
  • 电子资源
  • 读者导购
  • 参考咨询
  • 我的图书馆
  • 登录
  • 详细信息显示
  • 放入我的书架
  • 预约/预借图书
  • 作者相关作品
  • 分类相关作品
  • 丛书相关作品
  • 出版社相关作品

书目信息

  • 表格格式
  • 工作单格式
  • 卡片格式
题名:
艾思奇哲学文选
    
 
作者: 艾思奇 著
分册: 第四卷  
出版信息: 北京   经济科学出版社  2016.06
页数: 256页
开本: 23cm
丛书名:
单 册:
中图分类: B0-53
科图分类:
主题词: 哲学--文集
电子资源:
ISBN: 978-7-5141-6404-6
000 01010nam0 2200277 450
001 0120161969097
005 20180905155904.92
010    @a978-7-5141-6404-6@dCNY50.00
100    @a20160804d2016 em y0chiy50 ea
101 0  @achi
102    @aCN@b110000
105    @ay z 000cy
106    @ar
200 1  @a艾思奇哲学文选@9ai si qi zhe xue wen xuan@h第四卷
210    @a北京@c经济科学出版社@d2016.06
215    @a256页@d23cm
312    @a封面英文题名:Aisiqi philosophy anthology (4)
314    @a封面题:艾思奇著
330    @a艾思奇哲学文选(第四卷):关于马恩列斯的哲学思想,包括一、马克思列宁主义及其哲学发展的几个时期,二、《马克思恩格斯关于历史唯物主义的信》讲解,三、恩格斯肯定了思维与存在的同一性,四、再论恩格斯肯定了思维与存在的同一性等。
333    @a哲学研究人员
510 1  @aAisiqi philosophy anthology@h4@zeng
606 0  @a哲学@j文集
690    @aB0-53@v5
701  0 @a艾思奇@9ai si qi@f(1910-1966)@4著
801  0 @aCN@b人天书店@c20160804
905    @b1091366-70@dB0-53@e283:4@f5
    
    艾思奇哲学文选.第四卷.-北京:经济科学出版社,2016.06
    256页;23cm
    使用对象:哲学研究人员
    
    ISBN 978-7-5141-6404-6:CNY50.00
    艾思奇哲学文选(第四卷):关于马恩列斯的哲学思想,包括一、马克思列宁主义及其哲学发展的几个时期,二、《马克思恩格斯关于历史唯物主义的信》讲解,三、恩格斯肯定了思维与存在的同一性,四、再论恩格斯肯定了思维与存在的同一性等。
●
相关链接 在E读中查询图书 在五车中查询图书 在当当中查询图书 在豆瓣中查询图书


正题名:艾思奇哲学文选     索取号:B0-53/283:4         预约/预借

序号 登录号 条形码 馆藏地/架位号 状态 备注
1 1091366   210913662   第一样本阅览室/ [索取号:B0-53/283:4] 在馆    
2 1091367   210913671   教育系资料室/ [索取号:B0-53/283:4] 在馆    
3 1091368   210913680   教育系资料室/ [索取号:B0-53/283:4] 在馆    
4 1091369   210913699   第一借阅区/ [索取号:B0-53/283:4] 在馆    
5 1091370   210913706   第一借阅区/ [索取号:B0-53/283:4] 在馆    
唐山师范学院图书馆 欢迎您!
大连网信软件有限公司© 版权所有